Datum a čas kvízu
32
Celkem bodů
Celkový počet nahraných bodů na tomto kvízu bez doplňovacích otázek.
7.
Pořadí na kvízu
Konečné umístění týmu na tomto kvízu.
Zaznamenané odpovědi
| # | Otázka | Odpověď | Body | Výsledky |
|---|---|---|---|---|
| 1. | Při úterním zasedání Sněmovny... | bojový letoun (F-35) | 1 | |
| 2. | Záchranáři v úterý ráno pomocí... | Rakousko, Grossglockner | 1 | |
| 3. | Městské divadlo v Brně v sobot... | Bílá voda | 1 | |
| 4. | Která automobilka získala s je... | Mercedes | 0 | |
| 5. | Který útočník minulý týden dok... | Martin Nečas. | 1 | |
| 6. | Vítězné téma facebookového hla... | 1B 2C 3D 4A | 1 | |
| 7. | Dne 4. ledna 1997 došlo ke sňa... | Havel, Veškrnová | 1 | |
| 8. | Říká vám něco jméno herečky Šá... | Irenka (Irena) | 1 | |
| 9. | Kolik tlačítek má na své předn... | tři | 0 | |
| 10. | Ke kterému městu se v souvislo... | Vsetín | 1 |